[Event "Landesliga Sued 0405"]
[Site "Bayern"]
[Date "2005.03.13"]
[Round "8.1"]
[White "Zill, Christoph"]
[Black "Schmidt, Bernhard"]
[Result "1/2-1/2"]
[WhiteElo "2204"]
[BlackElo "2157"]
[PlyCount "56"]
[EventDate "2004.10.24"]
[EventType "team-tourn"]
[EventRounds "9"]
[EventCountry "GER"]
[SourceTitle "EXT 2007"]
[Source "ChessBase"]
[SourceDate "2006.11.23"]
[SourceVersion "1"]
[SourceVersionDate "2006.11.23"]
[SourceQuality "1"]
[WhiteTeam "Freising"]
[BlackTeam "Klosterlechfeld"]
[WhiteTeamCountry "GER"]
[BlackTeamCountry "GER"]

1. e4 e6 2. d4 d5 3. Nc3 Bb4 4. e5 c5 5. a3 Bxc3+ 6. bxc3 Qc7 7. Qg4 f5 8. Bb5+ Kf8 9. Qg3 c4 10. a4 a6 11. Ba3+ Kf7 12. Bd6 Qd8 13. Nf3 Ne7 14. Ng5+ Kg8 15. Kd2 axb5 16. axb5 Rxa1 17. Rxa1 h6 18. Ra8 hxg5 19. Qxg5 Nd7 20. Bxe7 Qe8 21. Bd8 Rh5 22. Qe7 Qxe7 23. Bxe7 Kf7 24. Bd8 Rh8 25. Rxc8 Kg6 26. f4 Nb6 27. Rb8 Nd7 28. Rc8 Nb6 1/2-1/2

[Event "Bad Woerishofen op 20th"]
[Site "Bad Woerishofen"]
[Date "2004.03.20"]
[Round "3"]
[White "Schmidt, Bernhard"]
[Black "Dittmar, Peter"]
[Result "0-1"]
[WhiteElo "2245"]
[BlackElo "2369"]
[PlyCount "176"]
[EventDate "2004.03.18"]
[EventType "swiss"]
[EventRounds "9"]
[EventCountry "GER"]
[SourceTitle "CBM 099 Extra"]
[Source "ChessBase"]
[SourceDate "2004.05.04"]
[SourceVersion "1"]
[SourceVersionDate "2004.05.04"]
[SourceQuality "1"]

1. d4 d5 2. c4 e6 3. Nc3 Nf6 4. Nf3 c5 5. cxd5 Nxd5 6. e4 cxd4 7. Qxd4 Nxc3 8. Qxc3 Nc6 9. Bb5 Bd7 10. 0-0 Qb6 11. a4 Qc5 12. Qd3 Qd6 13. Qe2 a6 14. Rd1 Qc7 15. Bxc6 Bxc6 16. Nd4 Bc5 17. Nxc6 Qxc6 18. Be3 Bxe3 19. Qxe3 0-0 20. Rdc1 Qd7 21. Rd1 Qe7 22. Qb6 Rfd8 23. Rac1 Rxd1+ 24. Rxd1 Rc8 25. g3 h6 26. Qd4 Rc7 27. Qd8+ Qxd8 28. Rxd8+ Kh7 29. Rd4 Kg6 30. Kf1 Kf6 31. Ke2 Rc2+ 32. Rd2 Rc4 33. Rd7 Rxe4+ 34. Kd3 Rb4 35. Kc3 a5 36. Rc7 b5 37. axb5 Rxb5 38. h4 g5 39. hxg5+ hxg5 40. Ra7 g4 41. b3 Rf5 42. Kc4 Rxf2 43. Rxa5 Rc2+ 44. Kb5 Rc3 45. b4 Rxg3 46. Ka6 Rb3 47. b5 g3 48. b6 e5 49. b7 Kf5 50. Rb5 Rxb5 51. Kxb5 g2 52. b8Q g1Q 53. Qc8+ Kf6 54. Qh8+ Qg7 55. Qd8+ Kg6 56. Qd3+ f5 57. Qg3+ Kf7 58. Qd3 Qf6 59. Qd7+ Kg6 60. Qe8+ Kg5 61. Qg8+ Kf4 62. Qc4+ e4 63. Qf1+ Ke5 64. Qa1+ Ke6 65. Qa2+ Ke7 66. Qa7+ Kf8 67. Qb8+ Kf7 68. Qc7+ Qe7 69. Qc4+ Kf6 70. Ka4 Qd7+ 71. Ka5 Qd2+ 72. Ka4 Kg5 73. Qg8+ Kf4 74. Qh8 Qd1+ 75. Ka5 Qd5+ 76. Ka6 e3 77. Qh4+ Ke5 78. Qg3+ f4 79. Qg5+ Ke4 80. Qh4 Qc4+ 81. Kb7 Kd3 82. Ka8 Qe4+ 83. Kb8 e2 84. Qe1 Qe5+ 85. Ka8 Qd5+ 86. Kb8 Qb3+ 87. Ka8 Qa4+ 88. Kb8 Qd1 0-1

[Event "Regionalliga SW 0203"]
[Site "Bayern"]
[Date "2003.03.09"]
[Round "8.4"]
[White "Schmidt, Bernhard"]
[Black "Engl, Heinz"]
[Result "1/2-1/2"]
[WhiteElo "2125"]
[BlackElo "2018"]
[PlyCount "43"]
[EventDate "2002.10.20"]
[EventType "team"]
[EventRounds "9"]
[EventCountry "GER"]
[SourceTitle "EXT 2004"]
[Source "ChessBase"]
[SourceDate "2003.11.25"]
[SourceVersion "1"]
[SourceVersionDate "2003.11.25"]
[SourceQuality "1"]
[WhiteTeam "Klosterlechfeld"]
[BlackTeam "Muenchen Suedost"]
[WhiteTeamCountry "GER"]
[BlackTeamCountry "GER"]

1. d4 d5 2. c4 e6 3. Nc3 c5 4. Nf3 Nc6 5. e3 Nf6 6. a3 Bd6 7. dxc5 Bxc5 8. b4 Bd6 9. Bb2 0-0 10. cxd5 exd5 11. Be2 Re8 12. 0-0 a6 13. Na4 Be6 14. Nd4 Nxd4 15. Bxd4 Ne4 16. Bf3 Rc8 17. Rc1 Qe7 18. Qd3 Bxh2+ 19. Kxh2 Qh4+ 20. Kg1 Rxc1 21. Rxc1 Qxf2+ 22. Kh2 1/2-1/2

[Event "Regionalliga SW 0203"]
[Site "Bayern"]
[Date "2003.02.23"]
[Round "7.4"]
[White "Fischer, Manfred2222"]
[Black "Schmidt, Bernhard"]
[Result "1-0"]
[WhiteElo "2106"]
[BlackElo "2125"]
[PlyCount "101"]
[EventDate "2002.10.20"]
[EventType "team"]
[EventRounds "9"]
[EventCountry "GER"]
[SourceTitle "EXT 2004"]
[Source "ChessBase"]
[SourceDate "2003.11.25"]
[SourceVersion "1"]
[SourceVersionDate "2003.11.25"]
[SourceQuality "1"]
[WhiteTeam "Tuerkheim"]
[BlackTeam "Klosterlechfeld"]
[WhiteTeamCountry "GER"]
[BlackTeamCountry "GER"]

1. e4 e6 2. d4 d5 3. Nc3 Bb4 4. Qd3 dxe4 5. Qxe4 Nf6 6. Qh4 Nd5 7. Qxd8+ Kxd8 8. Bd2 Nxc3 9. bxc3 Bd6 10. Nf3 b6 11. Bd3 Bb7 12. Ng5 Ke7 13. 0-0 Nd7 14. f4 g6 15. Rae1 h6 16. Nf3 Bxf3 17. Rxf3 Kf8 18. c4 Kg7 19. Bc3 Rhe8 20. c5 Be7 21. Bb5 Rad8 22. d5+ Bf6 23. d6 cxd6 24. c6 Nc5 25. c7 Rc8 26. Bxe8 Rxe8 27. Bxf6+ Kxf6 28. Ra3 a5 29. Rb1 Nd7 30. Rc3 Rc8 31. Rc6 Kf5 32. Rd1 d5 33. c4 Nf6 34. cxd5 Nxd5 35. g3 g5 36. fxg5 hxg5 37. h3 Ke4 38. Kf2 Rxc7 39. Rxc7 Nxc7 40. Rd7 Nd5 41. Rxf7 b5 42. h4 gxh4 43. gxh4 Nf4 44. Kg3 e5 45. Kg4 Kd3 46. Rxf4 exf4 47. Kxf4 b4 48. h5 a4 49. h6 b3 50. axb3 a3 51. h7 1-0

[Event "Regionalliga SW 0001"]
[Site "Bayern"]
[Date "2001.01.28"]
[Round "5.1"]
[White "Schelle, Artur"]
[Black "Schmidt, Bernhard"]
[Result "1-0"]
[WhiteElo "2160"]
[BlackElo "2245"]
[PlyCount "111"]
[EventDate "2000.10.15"]
[EventType "team-tourn"]
[EventRounds "9"]
[EventCountry "GER"]
[SourceTitle "EXT 2020"]
[Source "ChessBase"]
[SourceDate "2019.10.17"]
[SourceVersion "1"]
[SourceVersionDate "2019.10.17"]
[SourceQuality "1"]
[WhiteTeam "Muenchen Tarrasch"]
[BlackTeam "Klosterlechfeld"]
[WhiteTeamCountry "GER"]
[BlackTeamCountry "GER"]

1. e4 d6 2. d4 Nf6 3. Nc3 e5 4. Nf3 Nbd7 5. Bc4 Be7 6. 0-0 0-0 7. a4 c6 8. Ba2 b6 9. Bg5 a6 10. Re1 h6 11. Be3 Rb8 12. Qe2 b5 13. axb5 axb5 14. Nh4 b4 15. Na4 exd4 16. Bxd4 c5 17. Be3 Ne5 18. Bf4 Nc6 19. Ng6 Re8 20. Qd1 Ra8 21. Bc4 Ba6 22. Nxe7+ Nxe7 23. Bxa6 Rxa6 24. Qd3 Qa8 25. b3 Ng6 26. Bxd6 Nxe4 27. Bg3 Rae6 28. f3 Nxg3 29. Rxe6 Rxe6 30. hxg3 Ne5 31. Qf1 Qc6 32. Nb2 Rd6 33. Rd1 Rxd1 34. Qxd1 c4 35. Nxc4 Nxc4 36. Qd8+ Kh7 37. Qd3+ g6 38. Qxc4 Qb6+ 39. Kh2 Kg7 40. c3 bxc3 41. Qxc3+ Kf8 42. b4 Ke7 43. Qc4 f5 44. Qf4 Kf6 45. g4 Kg7 46. gxf5 gxf5 47. Qe5+ Kg6 48. b5 h5 49. Kg3 Qg1 50. Qe6+ Kg7 51. Qxf5 Qe1+ 52. Kh2 h4 53. Qg5+ Kf8 54. Qf4+ Kg8 55. b6 Qb1 56. Qc7 1-0

[Event "Regionalliga SW 0001"]
[Site "Bayern"]
[Date "2000.11.12"]
[Round "2.1"]
[White "Schmidt, Bernhard"]
[Black "Schlinkmeier, Karsten"]
[Result "1/2-1/2"]
[WhiteElo "2245"]
[BlackElo "1904"]
[PlyCount "60"]
[EventDate "2000.10.15"]
[EventType "team-tourn"]
[EventRounds "9"]
[EventCountry "GER"]
[SourceTitle "EXT 2020"]
[Source "ChessBase"]
[SourceDate "2019.10.17"]
[SourceVersion "1"]
[SourceVersionDate "2019.10.17"]
[SourceQuality "1"]
[WhiteTeam "Klosterlechfeld"]
[BlackTeam "Garching"]
[WhiteTeamCountry "GER"]
[BlackTeamCountry "GER"]

1. d4 Nf6 2. c4 c6 3. Nc3 d5 4. e3 e6 5. Nf3 Nbd7 6. Qc2 Bd6 7. a3 0-0 8. b4 Re8 9. Bb2 e5 10. cxd5 cxd5 11. Nb5 Bb8 12. dxe5 Nxe5 13. Rc1 Bg4 14. Be2 Qd7 15. Nxe5 Bxe5 16. Bxe5 Rxe5 17. Qc7 Qe8 18. Nd6 Qe6 19. Bxg4 Nxg4 20. 0-0 Rf8 21. Nxb7 Nxh2 22. Kxh2 Rh5+ 23. Kg1 Qh6 24. f3 Qxe3+ 25. Rf2 Qh6 26. Rfc2 Qe3+ 27. Rf2 Qh6 28. Rff1 Rh1+ 29. Kf2 Qd2+ 30. Kg3 Qg5+ 1/2-1/2

[Event "Porz op 29th"]
[Site "Cologne"]
[Date "1993.??.??"]
[Round "9"]
[White "Schmidt, Bernhard"]
[Black "Lindam, Ingo"]
[Result "1-0"]
[WhiteElo "2285"]
[BlackElo "2065"]
[PlyCount "57"]
[EventDate "1993.??.??"]
[EventType "swiss"]
[EventRounds "9"]
[EventCountry "GER"]
[SourceTitle "EXT 1999"]
[Source "ChessBase"]
[SourceDate "1998.11.16"]
[SourceVersion "1"]
[SourceVersionDate "1998.11.16"]
[SourceQuality "1"]

1. d4 Nf6 2. c4 g6 3. Nc3 Bg7 4. e4 d6 5. Be2 0-0 6. Bg5 h6 7. Be3 Na6 8. Qd2 e5 9. d5 Kh7 10. f3 Nh5 11. Bd3 Nf4 12. Bc2 g5 13. g3 Ng6 14. 0-0-0 Nc5 15. Nge2 a5 16. h4 gxh4 17. f4 exf4 18. gxf4 f5 19. e5 Bd7 20. e6 Be8 21. Nd4 Ne7 22. Bf2 Bg6 23. Bxh4 Qe8 24. Rdg1 Ne4 25. Nxe4 fxe4 26. Bxe7 Qxe7 27. Rxg6 Kxg6 28. Bxe4+ Kf6 29. Qf2 1-0